Normal view MARC view
  • Brambilla, Marco

Entry Personal Name

Number of records used in: 1

001 - CONTROL NUMBER

  • control field: 40945

003 - CONTROL NUMBER IDENTIFIER

  • control field: OSt

005 - DATE AND TIME OF LATEST TRANSACTION

  • control field: 20160828154720.0

008 - FIXED-LENGTH DATA ELEMENTS

  • fixed length control field: 160828|| aca||aabn | a|a d

040 ## - CATALOGING SOURCE

  • Original cataloging agency: OSt

100 1# - HEADING--PERSONAL NAME

  • Personal name: Brambilla, Marco

400 1# - SEE FROM TRACING--PERSONAL NAME

  • Personal name: Brambilla, M.
  • Fuller form of name: (Marco)